000 00487nam a22001337a 4500
040 _cRUA
082 _aAGR UN 2004 B030 Or.1
100 _aUN, SENGYI.
245 _aeffect of mulching on garland chrysanthemum yield (ឥទ្ធិពលគំរបដី លើទិន្នផលដំណាំតាំងឧ៌)
260 _aPhnnom Penh
300 _a57p.
_bill.
_c29cm.
856 _uhttps://drive.google.com/file/d/1AfIl9faemQywXq2m-QKZWnHyeUVOIwqe/view?usp=sharing
942 _cAGR
999 _c608
_d608